[Event "Viljandi Raud Memorial 57th"]
[Site "Viljandi"]
[Date "2023.07.07"]
[Round "7"]
[White "Ruus, Rein"]
[Black "Karis, Fredi"]
[Result "1-0"]
[WhiteElo "1670"]
[BlackElo "1234"]
[PlyCount "120"]
[EventDate "2023.07.02"]
[EventType "swiss"]
[EventRounds "9"]
[EventCountry "EST"]
[SourceTitle "CBM 215 Extra"]
[Source "ChessBase"]
[SourceDate "2023.09.30"]
[SourceVersion "1"]
[SourceVersionDate "2023.09.30"]
[SourceQuality "1"]

1. Nf3 Nf6 2. g3 d5 3. c4 e6 4. Bg2 c6 5. cxd5 exd5 6. d4 Bd6 7. 0-0 0-0 8. Qc2 Re8 9. Nc3 Be6 10. Re1 Nbd7 11. a3 Qc7 12. Ng5 h6 13. Nxe6 Rxe6 14. Bd2 Rae8 15. Rac1 Nb6 16. e3 Nc4 17. Ne2 a5 18. Nc3 b5 19. Nb1 Ne4 20. Bxe4 Rxe4 21. b3 Nxd2 22. Nxd2 R4e6 23. Qxc6 Qxc6 24. Rxc6 Bxa3 25. Rc2 Bb4 26. Rec1 a4 27. bxa4 bxa4 28. Nb1 a3 29. Ra2 Rb8 30. Kf1 Reb6 31. Ke2 Kf8 32. Kd3 Ke7 33. Rc7+ Kf6 34. Ra7 R8b7 35. Rxb7 Rxb7 36. Kc2 Bd6 37. Nxa3 Rc7+ 38. Kb1 Ra7 39. Nc2 Rb7+ 40. Kc1 Kf5 41. f3 Rb3 42. Kd2 Bb4+ 43. Nxb4 Rxb4 44. h4 Rb3 45. g4+ Ke6 46. Ke2 Rb4 47. Kf2 Rb6 48. h5 Rd6 49. Kg3 Kf6 50. Ra8 Re6 51. Ra3 Rd6 52. Kf4 g5+ 53. hxg6 fxg6 54. Ra2 g5+ 55. Kg3 Kg6 56. Ra8 Kg7 57. Ra7+ Kg6 58. Re7 h5 59. gxh5+ Kxh5 60. Re5 Kh6 1-0

[Event "Viljandi Raud Memorial 57th"]
[Site "Viljandi"]
[Date "2023.07.05"]
[Round "5"]
[White "Ruus, Rein"]
[Black "Andrijashkin, Deniss"]
[Result "0-1"]
[WhiteElo "1670"]
[BlackElo "2144"]
[PlyCount "94"]
[EventDate "2023.07.02"]
[EventType "swiss"]
[EventRounds "9"]
[EventCountry "EST"]
[SourceTitle "CBM 215 Extra"]
[Source "ChessBase"]
[SourceDate "2023.09.30"]
[SourceVersion "1"]
[SourceVersionDate "2023.09.30"]
[SourceQuality "1"]

1. e4 g6 2. d4 Bg7 3. Nc3 d6 4. Nf3 a6 5. Be3 b5 6. a4 b4 7. Ne2 Bb7 8. Ng3 Nf6 9. Bd3 a5 10. h3 Nbd7 11. 0-0 Rc8 12. c4 c5 13. d5 h5 14. Ra2 e5 15. Qd2 Qe7 16. Bg5 Qf8 17. Nh4 Nh7 18. Be3 Qe7 19. Nf3 Kd8 20. b3 Kc7 21. Nh2 Rcf8 22. f4 exf4 23. Bxf4 Ne5 24. Bb1 Bc8 25. Kh1 Bf6 26. Qf2 Ng5 27. Bc1 Bg7 28. Bf4 Bd7 29. Qe3 f6 30. Raf2 Ngf7 31. Qe2 h4 32. Nf5 gxf5 33. exf5 Bh6 34. Bxe5 Nxe5 35. Ng4 Re8 36. Re1 Qg7 37. Nxh6 Qxh6 38. Be4 Rhg8 39. Qf1 Rg3 40. Bc2 Reg8 41. Ree2 Re3 42. Rd2 Rgg3 43. Bd1 Rc3 44. Be2 Be8 45. Rf4 Qg5 46. Rf2 Bh5 47. Kh2 Qe3 0-1

[Event "Viljandi Raud Memorial 57th"]
[Site "Viljandi"]
[Date "2023.07.02"]
[Round "1"]
[White "Lauk, Ular"]
[Black "Ruus, Rein"]
[Result "1/2-1/2"]
[WhiteElo "2369"]
[BlackElo "1670"]
[PlyCount "154"]
[EventDate "2023.07.02"]
[EventType "swiss"]
[EventRounds "9"]
[EventCountry "EST"]
[SourceTitle "CBM 215 Extra"]
[Source "ChessBase"]
[SourceDate "2023.09.30"]
[SourceVersion "1"]
[SourceVersionDate "2023.09.30"]
[SourceQuality "1"]

1. e4 c5 2. Nf3 Nc6 3. d4 cxd4 4. Nxd4 e5 5. Nb5 d6 6. N1c3 a6 7. Na3 b5 8. Nd5 Nf6 9. Bg5 Be7 10. Bxf6 Bxf6 11. c3 Bg5 12. Nc2 0-0 13. a4 bxa4 14. Rxa4 Ne7 15. Ncb4 a5 16. Nxe7+ Qxe7 17. Nd5 Qb7 18. b3 Bd7 19. Ra3 f5 20. Bc4 Kh8 21. exf5 Rxf5 22. 0-0 Raf8 23. Rxa5 Bc6 24. f3 Bd8 25. Ra1 Bb6+ 26. Kh1 Bd4 27. cxd4 Bxd5 28. Bxd5 Qxd5 29. dxe5 Qxe5 30. Re1 Qb5 31. Qxd6 Qxb3 32. Ra3 Qb7 33. Rae3 R5f6 34. Qd4 Qf7 35. Re7 Qh5 36. h3 R6f7 37. R1e5 Qg6 38. R5e6 Qb1+ 39. Re1 Qg6 40. R7e6 Qg3 41. R1e3 Qg5 42. Re8 Qf6 43. Rxf8+ Rxf8 44. Qxf6 gxf6 45. Re7 Kg8 46. g4 Kh8 47. Kg2 Kg8 48. Kg3 Ra8 49. Kf4 Ra5 50. h4 h6 51. h5 Rb5 52. Ke4 Ra5 53. Rd7 Re5+ 54. Kd4 Re1 55. Ra7 Re5 56. f4 Re1 57. Kd5 Rg1 58. Ke6 Rxg4 59. f5 Rg5 60. Kxf6 Rxh5 61. Ra8+ Kh7 62. Ke6 Rh1 63. f6 Re1+ 64. Kf7 Rb1 65. Kf8 Rf1 66. Ra7+ Kg6 67. Rg7+ Kxf6 68. Rf7+ Kg5 69. Rxf1 h5 70. Kf7 h4 71. Rg1+ Kf4 72. Kg6 h3 73. Kh5 h2 74. Ra1 Kg3 75. Kg5 Kg2 76. Kg4 h1Q 77. Rxh1 Kxh1 1/2-1/2